Tarot Grálu : templářská vize /

Hlavní autor: Matthews, John, 1948-
Další autoři: Caselli, Giovanni, 1939-
Jazyk: Čeština
Vydáno: Praha : Synergie, c2008
Vydání: Vyd. 1.
Témata:
Fyzický popis: 192 s. : il. ; 23 cm + 78 karet (12 cm)
Knihy
Uloženo v:
LEADER 01716nam a2200505 a 4500
001 nkc20081821376
003 CZ PrNK
005 20090630081509.0
007 ta
008 081015s2008 xr a e f 000 0 cze
015 |a cnb001821376 
020 |a 978-80-7370-020-1  |q (brož. v krabici) 
035 |a (OCoLC)276817533 
040 |a ABA001  |b cze 
041 1 |a cze  |h eng 
072 7 |a 133  |x Ezoterismus. Okultismus  |2 Konspekt  |9 17 
080 |a 133.3:794.43  |2 MRF 
080 |a 27-313-526.7  |2 MRF 
080 |a 27-788.435  |2 MRF 
080 |a (035)  |2 MRF 
100 1 |a Matthews, John,  |d 1948-  |7 xx0011714  |4 aut 
245 1 0 |a Tarot Grálu :  |b templářská vize /  |c John Matthews ; ilustrace karet Giovanni Caselli ; [z anglického originálu přeložila Monika Kittová] 
246 3 0 |a Templářská vize 
250 |a Vyd. 1. 
260 |a Praha :  |b Synergie,  |c c2008 
300 |a 192 s. :  |b il. ;  |c 23 cm +  |e 78 karet (12 cm) 
500 |a Kniha a karty uloženy v kartonové krabici 
504 |a Obsahuje bibliografii 
650 0 7 |a tarot  |7 ph116402  |2 czenas 
650 0 7 |a grál  |7 ph120620  |2 czenas 
650 0 7 |a templáři  |7 ph126532  |2 czenas 
650 0 7 |a vykládání karet  |7 ph138942  |2 czenas 
650 0 9 |a tarot  |2 eczenas 
650 0 9 |a Grail  |2 eczenas 
650 0 9 |a Templars  |2 eczenas 
650 0 9 |a fortune telling by cards  |2 eczenas 
655 7 |a příručky  |7 fd133209  |2 czenas 
655 9 |a handbooks and manuals  |2 eczenas 
700 1 |a Caselli, Giovanni,  |d 1939-  |7 xx0020947  |4 ill 
910 2 |a BOA001  |b Z-1212.188 
928 9 |a Synergie CZ 
990 |a BK 
995 |a 01 
991 |b 200811  |c NOV 
996 6 |b 2610357557  |c Z-1212.188  |l MZK  |r Sklad / do 24 hodin  |n 2  |p p.v.  |w 000915561  |u 000010  |a 1  |e BOA001  |j MZK50  |s P